Top Ten Scorers by Premier League Club - Statistics

General Stats
  • This quiz has been taken 29 times
  • The average score is 122 of 484
Answer Stats
% Correct
Oldham Athletic England 1992 1993 Nick Henry 6
100%
Arsenal France 1999 2012 Thierry Henry 175
100%
Arsenal Netherlands 2004 2012 Robin van Persie 96
96%
Arsenal Chile 2014 2017 Alexis Sánchez 60
92%
Arsenal England 2020 2026 Bukayo Saka 59
92%
Manchester City Norway 2022 2026 Erling Haaland 109
88%
Manchester City Belgium 2015 2025 Kevin De Bruyne 72
88%
Manchester City Argentina 2011 2021 Sergio Agüero 184
88%
Manchester United Portugal 2020 2026 Bruno Fernandes 70
85%
Manchester United Portugal 2003 2022 Cristiano Ronaldo 103
85%
Arsenal France 2012 2017 Olivier Giroud 73
85%
Arsenal Gabon 2018 2021 Pierre-Emerick Aubameyang 68
85%
Blackburn Rovers England 1992 1996 Alan Shearer 112
81%
Newcastle United England 1996 2006 Alan Shearer 148
81%
Manchester City Spain 2010 2020 David Silva 60
81%
Chelsea England 2001 2014 Frank Lampard 147
81%
Manchester United Wales 1992 2013 Ryan Giggs 108
81%
Manchester United England 2004 2017 Wayne Rooney 183
81%
Arsenal Netherlands 1995 2006 Dennis Bergkamp 87
77%
Chelsea Ivory Coast 2004 2015 Didier Drogba 104
77%
Chelsea Belgium 2012 2019 Eden Hazard 85
77%
Manchester City Bosnia & Herzegovina 2011 2015 Edin Džeko 50
77%
Tottenham Hotspur Wales 2007 2021 Gareth Bale 53
77%
Tottenham Hotspur England 2014 2023 Harry Kane 213
77%
Liverpool Uruguay 2011 2014 Luis Suárez 69
77%
Liverpool Egypt 2017 2026 Mohamed Salah 191
77%
Manchester City England 2015 2022 Raheem Sterling 91
77%
Everton Belgium 2013 2017 Romelu Lukaku 68
77%
West Bromwich Albion Belgium 2012 2013 Romelu Lukaku 17
77%
Manchester United Netherlands 2001 2006 Ruud van Nistelrooy 95
77%
Liverpool Senegal 2016 2022 Sadio Mané 90
77%
Tottenham Hotspur South Korea 2015 2025 Son Heung-min 127
77%
Liverpool England 1999 2015 Steven Gerrard 121
77%
Aston Villa Trinidad & Tobago 1992 1998 Dwight Yorke 60
73%
Liverpool Spain 2007 2011 Fernando Torres 65
73%
Arsenal England 1992 1997 Ian Wright 104
73%
Leicester City England 2014 2025 Jamie Vardy 145
73%
Manchester City England 2019 2025 Phil Foden 68
73%
Newcastle United Sweden 2022 2025 Alexander Isak 54
69%
Chelsea England 2023 2026 Cole Palmer 46
69%
Manchester United France 1992 1997 Éric Cantona 64
69%
Manchester United England 2016 2024 Marcus Rashford 87
69%
Liverpool England 1997 2004 Michael Owen 118
69%
Aston Villa England 2020 2026 Ollie Watkins 84
69%
Manchester United England 1994 2012 Paul Scholes 107
69%
Leicester City Algeria 2014 2018 Riyad Mahrez 39
69%
Liverpool Brazil 2015 2023 Roberto Firmino 82
69%
Manchester City Ivory Coast 2010 2017 Yaya Touré 62
69%
Burnley New Zealand 2017 2021 Chris Wood 49
65%
Nottingham Forest New Zealand 2023 2026 Chris Wood 38
65%
Chelsea Spain 2014 2017 Diego Costa 52
65%
Manchester City Brazil 2017 2022 Gabriel Jesus 58
65%
Coventry City Ireland 1999 2000 Robbie Keane 12
65%
Tottenham Hotspur Ireland 2002 2009 Robbie Keane 91
65%
Arsenal England 2008 2017 Theo Walcott 65
65%
Blackburn Rovers England 2002 2004 Andrew Cole 27
62%
Manchester United England 1995 2001 Andrew Cole 93
62%
Newcastle United England 1993 1994 Andrew Cole 43
62%
West Ham United England 2006 2014 Carlton Cole 40
62%
Fulham United States 2007 2012 Clint Dempsey 50
62%
Brighton & Hove Albion England 2020 2026 Danny Welbeck 45
62%
Bolton Wanderers France 2006 2007 Nicolas Anelka 21
62%
Chelsea France 2008 2011 Nicolas Anelka 38
62%
Manchester United Norway 1996 2007 Ole Gunnar Solskjær 91
62%
Arsenal France 2000 2006 Robert Pires 62
62%
Manchester City Argentina 2009 2013 Carlos Tevez 58
58%
Aston Villa Belgium 2012 2015 Christian Benteke 42
58%
Crystal Palace Belgium 2016 2021 Christian Benteke 35
58%
Tottenham Hotspur Denmark 2013 2019 Christian Eriksen 51
58%
Charlton Athletic England 2005 2007 Darren Bent 31
58%
Sunderland England 2009 2011 Darren Bent 32
58%
Chelsea Italy 1996 2003 Gianfranco Zola 59
58%
Ipswich Town England 2001 2002 Marcus Bent 9
58%
Portsmouth England 2008 2009 Peter Crouch 10
58%
Stoke City England 2011 2018 Peter Crouch 44
58%
Crystal Palace Ivory Coast 2014 2023 Wilfried Zaha 68
58%
Leeds United England 1998 2004 Alan Smith 38
54%
Liverpool Netherlands 2006 2012 Dirk Kuyt 51
54%
Swansea City Iceland 2012 2017 Gylfi Sigurðsson 34
54%
Newcastle United England 1995 1997 Les Ferdinand 41
54%
Queens Park Rangers England 1992 1995 Les Ferdinand 60
54%
Fulham Mexico 2023 2026 Raúl Jiménez 28
54%
Wolverhampton Wanderers Mexico 2018 2022 Raúl Jiménez 40
54%
Everton Brazil 2018 2022 Richarlison 43
54%
Liverpool England 1993 2007 Robbie Fowler 128
54%
Brentford Cameroon 2021 2025 Bryan Mbeumo 42
50%
Liverpool England 2013 2018 Daniel Sturridge 51
50%
Derby County England 1996 2000 Dean Sturridge 32
50%
Tottenham Hotspur England 2015 2021 Dele Alli 51
50%
Portsmouth England 2008 2008 Jermain Defoe 16
50%
Sunderland England 2015 2017 Jermain Defoe 34
50%
Tottenham Hotspur England 2004 2014 Jermain Defoe 91
50%
Chelsea England 2001 2017 John Terry 41
50%
Bournemouth Norway 2015 2020 Joshua King 48
50%
Swansea City South Korea 2014 2018 Ki Sung-yueng 12
50%
Hull City Jamaica 2008 2008 Marlon King 5
50%
West Ham United Jamaica 2015 2024 Michail Antonio 68
50%
Nottingham Forest England 2022 2026 Morgan Gibbs-White 30
50%
Chelsea Iceland 2000 2006 Eiður Guðjohnsen 54
46%
Crystal Palace France 2021 2026 Jean-Philippe Mateta 48
46%
Chelsea Netherlands 2000 2004 Jimmy Floyd Hasselbaink 69
46%
Leeds United Netherlands 1997 1999 Jimmy Floyd Hasselbaink 34
46%
Middlesbrough Netherlands 2004 2006 Jimmy Floyd Hasselbaink 22
46%
Brighton & Hove Albion Belgium 2019 2022 Leandro Trossard 25
46%
Portsmouth England 2003 2004 Teddy Sheringham 9
46%
Tottenham Hotspur England 1992 2003 Teddy Sheringham 97
46%
Norwich City Finland 2019 2022 Teemu Pukki 22
46%
Everton Australia 2004 2012 Tim Cahill 56
46%
Brentford DR Congo 2021 2025 Yoane Wissa 45
46%
Fulham Serbia 2018 2023 Aleksandar Mitrović 28
42%
Swansea City Ghana 2015 2016 André Ayew 12
42%
Everton England 2017 2025 Dominic Calvert-Lewin 57
42%
Leicester City England 2018 2023 James Maddison 43
42%
Burnley England 2019 2023 Jay Rodriguez 13
42%
Southampton England 2012 2017 Jay Rodriguez 26
42%
Crystal Palace Ghana 2019 2024 Jordan Ayew 22
42%
Watford England 2015 2020 Troy Deeney 47
42%
Blackpool Scotland 2010 2011 Charlie Adam 12
38%
Stoke City Scotland 2012 2016 Charlie Adam 20
38%
Fulham Netherlands 2004 2006 Collins John 20
38%
Bournemouth England 2020 2024 Dominic Solanke 28
38%
Birmingham City England 2004 2006 Emile Heskey 14
38%
Leicester City England 1996 2000 Emile Heskey 33
38%
Wigan Athletic England 2006 2008 Emile Heskey 15
38%
Leeds United Australia 1997 2003 Harry Kewell 45
38%
West Ham United England 2020 2026 Jarrod Bowen 64
38%
Sunderland England 1999 2003 Kevin Phillips 61
38%
Fulham France 2001 2004 Louis Saha 26
38%
Brighton & Hove Albion Germany 2017 2026 Pascal Groß 31
38%
Wolverhampton Wanderers Portugal 2018 2023 Rúben Neves 21
38%
Birmingham City Trinidad & Tobago 2002 2004 Stern John 9
38%
Sunderland England 2012 2016 Adam Johnson 19
35%
Brighton & Hove Albion Argentina 2020 2023 Alexis Mac Allister 16
35%
Crystal Palace England 2004 2005 Andrew Johnson 21
35%
Bournemouth Ghana 2023 2026 Antoine Semenyo 30
35%
Bournemouth England 2015 2020 Callum Wilson 41
35%
Newcastle United England 2020 2024 Callum Wilson 47
35%
Burnley England 2014 2015 Danny Ings 11
35%
Southampton England 2018 2021 Danny Ings 41
35%
Wolverhampton Wanderers Portugal 2018 2020 Diogo Jota 16
35%
Crystal Palace England 2020 2025 Eberechi Eze 34
35%
Coventry City Scotland 1996 2000 Gary McAllister 20
35%
Leeds United Scotland 1992 1996 Gary McAllister 24
35%
Ipswich Town England 1992 1994 Gavin Johnson 6
35%
Fulham Wales 2023 2026 Harry Wilson 22
35%
Stoke City Trinidad & Tobago 2010 2012 Kenwyne Jones 13
35%
Sunderland Trinidad & Tobago 2007 2010 Kenwyne Jones 26
35%
Stoke City Austria 2013 2017 Marko Arnautović 22
35%
Southampton England 1992 2001 Matt Le Tissier 101
35%
Swansea City Spain 2012 2013 Michu 20
35%
West Ham United Czech Republic 2020 2026 Tomáš Souček 41
35%
Wimbledon Wales 1992 1997 Vinnie Jones 12
35%
Stoke City Switzerland 2015 2018 Xherdan Shaqiri 15
35%
Leicester City Belgium 2019 2022 Youri Tielemans 21
35%
Burnley England 2014 2022 Ashley Barnes 42
31%
Queens Park Rangers England 1993 1994 Devon White 9
31%
Blackpool England 2010 2011 DJ Campbell 13
31%
Queens Park Rangers France 2012 2012 Djibril Cissé 9
31%
Cardiff City England 2013 2014 Fraizer Campbell 6
31%
Aston Villa England 2006 2016 Gabriel Agbonlahor 73
31%
Reading Wales 2012 2013 Hal Robson-Kanu 7
31%
Leicester City England 2019 2023 Harvey Barnes 35
31%
Brentford Brazil 2025 2026 Igor Thiago 19
31%
Brighton & Hove Albion Japan 2022 2026 Kaoru Mitoma 22
31%
Everton England 1999 2004 Kevin Campbell 45
31%
Everton Belgium 2012 2017 Kevin Mirallas 29
31%
Leeds United Australia 2000 2004 Mark Viduka 59
31%
Middlesbrough Australia 2004 2007 Mark Viduka 26
31%
Portsmouth Nigeria 2006 2010 Nwankwo Kanu 17
31%
Newcastle United Senegal 2012 2016 Papiss Cissé 37
31%
West Bromwich Albion Venezuela 2015 2018 Salomón Rondón 24
31%
Reading Ireland 2007 2008 Shane Long 5
31%
Southampton Ireland 2014 2022 Shane Long 28
31%
West Bromwich Albion Ireland 2011 2013 Shane Long 19
31%
Barnsley England 1997 1998 Ashley Ward 8
27%
Derby County England 1996 1997 Ashley Ward 9
27%
Sheffield United Chile 2024 2024 Ben Brereton Díaz 6
27%
Blackburn Rovers England 1994 1998 Chris Sutton 47
27%
Norwich City England 1992 1994 Chris Sutton 33
27%
Luton Town England 2023 2024 Elijah Adebayo 10
27%
Brentford England 2021 2024 Ivan Toney 36
27%
Blackburn Rovers Grenada 2007 2011 Jason Roberts 24
27%
Aston Villa Norway 2007 2010 John Carew 37
27%
Middlesbrough Brazil 1995 2004 Juninho Paulista 29
27%
Bournemouth Netherlands 2023 2025 Justin Kluivert 21
27%
Everton England 2009 2017 Leighton Baines 29
27%
West Ham United Argentina 2015 2023 Manuel Lanzini 27
27%
West Ham United England 2007 2021 Mark Noble 47
27%
Wolverhampton Wanderers Brazil 2023 2025 Matheus Cunha 29
27%
Sheffield Wednesday Italy 1997 1998 Paolo Di Canio 15
27%
West Ham United Italy 1999 2003 Paolo Di Canio 47
27%
Leeds United Spain 2020 2023 Rodrigo Moreno 26
27%
Huddersfield Town Australia 2017 2019 Aaron Mooy 7
23%
Hull City Uruguay 2014 2017 Abel Hernández 8
23%
West Ham United England 2012 2018 Andy Carroll 33
23%
Everton Scotland 1994 2006 Duncan Ferguson 60
23%
Bolton Wanderers Senegal 2004 2008 El Hadji Diouf 21
23%
Bournemouth Brazil 2024 2026 Evanilson 16
23%
Wolverhampton Wanderers South Korea 2021 2026 Hwang Hee-chan 24
23%
Southampton England 2015 2023 James Ward-Prowse 49
23%
Brighton & Hove Albion Brazil 2023 2025 João Pedro 19
23%
Leicester City Nigeria 2018 2023 Kelechi Iheanacho 30
23%
Ipswich Town England 2024 2025 Liam Delap 12
23%
Stoke City Senegal 2014 2018 Mame Biram Diouf 23
23%
Derby County Ireland 1999 2000 Rory Delap 11
23%
Luton Town England 2023 2024 Ross Barkley 5
23%
West Bromwich Albion Burundi 2013 2016 Saido Berahino 23
23%
Swansea City Ivory Coast 2013 2017 Wilfried Bony 28
23%
Middlesbrough Nigeria 2005 2007 Yakubu Ayegbeni 25
23%
Portsmouth Nigeria 2003 2005 Yakubu Ayegbeni 28
23%
Ipswich Town England 2000 2001 Alun Armstrong 11
19%
Blackburn Rovers South Africa 2006 2009 Benni McCarthy 37
19%
Southampton Scotland 2020 2023 Ché Adams 25
19%
Crystal Palace England 1992 1995 Chris Armstrong 23
19%
Tottenham Hotspur England 1995 2000 Chris Armstrong 48
19%
Sheffield Wednesday England 1992 1995 Chris Bart-Williams 16
19%
Charlton Athletic Denmark 2000 2004 Claus Jensen 16
19%
Aston Villa Wales 1992 1995 Dean Saunders 38
19%
Aston Villa England 1998 2004 Dion Dublin 48
19%
Coventry City England 1994 1998 Dion Dublin 61
19%
Blackpool England 2010 2011 Gary Taylor-Fletcher 5
19%
Nottingham Forest England 1995 1996 Jason Lee 12
19%
Coventry City England 1992 1994 John Williams 11
19%
Wigan Athletic Spain 2009 2012 Jordi Gómez 10
19%
Wolverhampton Wanderers Norway 2024 2025 Jørgen Strand Larsen 15
19%
Brentford England 2023 2026 Keane Lewis-Potter 7
19%
Bolton Wanderers England 2003 2012 Kevin Davies 67
19%
Brentford Germany 2023 2026 Kevin Schade 20
19%
Crystal Palace Serbia 2017 2021 Luka Milivojević 28
19%
Brentford Denmark 2022 2025 Mathias Jensen 10
19%
Brighton & Hove Albion France 2019 2022 Neal Maupay 26
19%
Oldham Athletic England 1992 1993 Neil Adams 9
19%
Watford Nigeria 2015 2016 Odion Ighalo 17
19%
Derby County Costa Rica 1997 1999 Paulo Wanchope 23
19%
Southampton England 2012 2014 Rickie Lambert 28
19%
Stoke City Germany 2009 2013 Robert Huth 13
19%
Newcastle United England 1994 2001 Rob Lee 34
19%
Birmingham City Sweden 2007 2011 Sebastian Larsson 14
19%
Sunderland Scotland 2012 2015 Steven Fletcher 23
19%
Wolverhampton Wanderers Scotland 2010 2012 Steven Fletcher 22
19%
Nottingham Forest Nigeria 2022 2026 Taiwo Awoniyi 19
19%
Burnley Jamaica 2016 2017 Andre Gray 9
15%
Watford Jamaica 2017 2019 Andre Gray 14
15%
Charlton Athletic England 1998 2000 Andy Hunt 10
15%
Wigan Athletic Ivory Coast 2012 2013 Arouna Koné 11
15%
Cardiff City Jamaica 2018 2019 Bobby De Cordova-Reid 5
15%
Luton Town England 2023 2024 Carlton Morris 11
15%
Brentford Denmark 2021 2025 Christian Nørgaard 11
15%
Swansea City Spain 2016 2017 Fernando Llorente 15
15%
Aston Villa England 1999 2009 Gareth Barry 41
15%
Brighton & Hove Albion England 2017 2020 Glenn Murray 26
15%
Bolton Wanderers England 2001 2008 Kevin Nolan 39
15%
Birmingham City Finland 2003 2008 Mikael Forssell 29
15%
Hull City Croatia 2014 2015 Nikica Jelavić 13
15%
Newcastle United Peru 1998 2007 Nolberto Solano 37
15%
Newcastle United England 1993 1997 Peter Beardsley 47
15%
Burnley Wales 2016 2018 Sam Vokes 17
15%
Brighton & Hove Albion England 2017 2023 Solly March 14
15%
Hull City Ireland 2009 2010 Stephen Hunt 6
15%
Reading Ireland 2007 2007 Stephen Hunt 9
15%
Brentford Germany 2021 2026 Vitaly Janelt 10
15%
Swansea City France 2014 2016 Bafétimbi Gomis 13
12%
Fulham England 2008 2012 Bobby Zamora 20
12%
Queens Park Rangers England 2012 2015 Bobby Zamora 9
12%
Stoke City Spain 2014 2016 Bojan Krkić 14
12%
Nottingham Forest England 2023 2025 Callum Hudson-Odoi 16
12%
Queens Park Rangers England 2014 2015 Charlie Austin 18
12%
Bournemouth Wales 2018 2025 David Brooks 12
12%
Watford Nigeria 2021 2022 Emmanuel Dennis 10
12%
Brentford Jamaica 2021 2024 Ethan Pinnock 8
12%
West Ham United Mali 2000 2003 Frédéric Kanouté 29
12%
Wigan Athletic Senegal 2005 2008 Henri Camara 20
12%
Bolton Wanderers Denmark 2002 2007 Henrik Pedersen 22
12%
Wigan Athletic Colombia 2009 2012 Hugo Rodallega 24
12%
Leeds United Ireland 1996 2004 Ian Harte 28
12%
Watford Senegal 2019 2021 Ismaïla Sarr 10
12%
Barnsley Norway 1998 1998 Jan Åge Fjørtoft 6
12%
Swindon Town Norway 1994 1994 Jan Åge Fjørtoft 12
12%
Burnley Iceland 2016 2024 Jóhann Berg Guðmundsson 10
12%
Stoke City Ireland 2010 2017 Jonathan Walters 43
12%
Sheffield United Norway 1993 1994 Jostein Flo 9
12%
Reading Ireland 2006 2008 Kevin Doyle 19
12%
Wolverhampton Wanderers Ireland 2009 2012 Kevin Doyle 18
12%
Birmingham City England 2009 2011 Lee Bowyer 9
12%
Leeds United England 1996 2002 Lee Bowyer 38
12%
Portsmouth DR Congo 2004 2006 Lomana LuaLua 19
12%
Ipswich Town England 2000 2002 Marcus Stewart 25
12%
Norwich City England 1992 1994 Mark Robins 19
12%
Burnley Ivory Coast 2021 2022 Maxwel Cornet 9
12%
Coventry City England 1992 1994 Micky Quinn 25
12%
Blackburn Rovers Norway 2005 2012 Morten Gamst Pedersen 34
12%
Swansea City England 2011 2014 Nathan Dyer 17
12%
Sunderland Ireland 1996 2002 Niall Quinn 29
12%
Portsmouth Croatia 2007 2009 Niko Kranjčar 9
12%
Sheffield United Scotland 2019 2024 Oli McBurnie 13
12%
Watford Argentina 2016 2020 Roberto Pereyra 16
12%
Bournemouth Scotland 2016 2019 Ryan Fraser 16
12%
Charlton Athletic England 2001 2003 Scott Parker 8
12%
Newcastle United Nigeria 2001 2014 Shola Ameobi 43
12%
Sunderland Benin 2011 2013 Stéphane Sessègnon 17
12%
Huddersfield Town Benin 2017 2019 Steve Mounié 9
12%
Nottingham Forest England 1993 1998 Steve Stone 16
12%
Leicester City England 1998 2000 Tony Cottee 27
12%
Leeds United Ghana 1995 1996 Tony Yeboah 24
12%
Portsmouth Zimbabwe 2006 2008 Benjani Mwaruwari 19
8%
Sheffield United England 2019 2021 Billy Sharp 6
8%
Queens Park Rangers England 1992 1996 Bradley Allen 20
8%
Nottingham Forest Netherlands 1994 1997 Bryan Roy 24
8%
West Bromwich Albion Northern Ireland 2008 2017 Chris Brunt 25
8%
Wolverhampton Wanderers Portugal 2020 2023 Daniel Podence 12
8%
Wimbledon England 1992 1997 Dean Holdsworth 58
8%
Bradford City England 1999 2000 Dean Windass 13
8%
Sunderland Italy 2013 2017 Fabio Borini 14
8%
Wigan Athletic Argentina 2011 2013 Franco Di Santo 13
8%
Watford Spain 2018 2020 Gerard Deulofeu 15
8%
Oldham Athletic Scotland 1992 1994 Graeme Sharp 16
8%
Norwich City England 2011 2013 Grant Holt 23
8%
Southampton England 1998 2004 James Beattie 68
8%
Crystal Palace Ghana 2018 2024 Jeffrey Schlupp 18
8%
Watford Greece 2016 2018 José Holebas 6
8%
Aston Villa Colombia 2001 2006 Juan Pablo Ángel 44
8%
Fulham Portugal 2001 2006 Luís Boa Morte 26
8%
Sheffield United France 2019 2020 Lys Mousset 6
8%
Southampton Latvia 1999 2004 Marians Pahars 42
8%
Middlesbrough Italy 2002 2006 Massimo Maccarone 18
8%
Sheffield United England 1993 1994 Paul Rogers 6
8%
West Bromwich Albion Nigeria 2010 2013 Peter Odemwingie 30
8%
Birmingham City Wales 2002 2004 Robbie Savage 11
8%
Hull City Scotland 2016 2017 Robert Snodgrass 7
8%
Norwich City Scotland 2012 2014 Robert Snodgrass 12
8%
Stoke City England 2009 2017 Ryan Shawcross 14
8%
Nottingham Forest England 1994 1995 Stan Collymore 22
8%
Tottenham Hotspur Norway 1996 2002 Steffen Iversen 36
8%
Nottingham Forest England 1992 1997 Stuart Pearce 18
8%
West Bromwich Albion Hungary 2004 2012 Zoltán Gera 12
8%
Watford Mali 2017 2020 Abdoulaye Doucouré 17
4%
Reading England 2012 2013 Adam Le Fondre 12
4%
Sheffield Wednesday England 1996 2000 Andy Booth 25
4%
Wigan Athletic England 2009 2012 Ben Watson 10
4%
Derby County Belgium 2000 2002 Branko Strupar 15
4%
Leeds United England 1993 1997 Brian Deane 32
4%
Middlesbrough England 1998 2001 Brian Deane 18
4%
Sheffield United England 1992 1993 Brian Deane 15
4%
Fulham United States 2004 2008 Brian McBride 32
4%
Birmingham City Grenada 2007 2010 Cameron Jerome 20
4%
Wigan Athletic France 2009 2011 Charles N'Zogbia 15
4%
Birmingham City Ireland 2002 2004 Clinton Morrison 14
4%
Coventry City England 1996 1999 Darren Huckerby 28
4%
Reading England 2006 2008 Dave Kitson 12
4%
Blackburn Rovers England 1999 2012 David Dunn 31
4%
Sheffield Wednesday England 1992 1997 David Hirst 34
4%
Sheffield United Ireland 2020 2021 David McGoldrick 10
4%
Southampton Norway 1996 1999 Egil Østenstad 28
4%
Derby County Italy 2001 2002 Fabrizio Ravanelli 9
4%
Hull City Brazil 2008 2009 Geovanni 11
4%
Sheffield Wednesday England 1993 1994 Gordon Watson 15
4%
Charlton Athletic England 1999 2004 Graham Stuart 14
4%
Oldham Athletic Norway 1992 1993 Gunnar Halle 6
4%
Derby County Argentina 1998 2000 Horacio Carbonari 8
4%
Bolton Wanderers Croatia 2009 2012 Ivan Klasnić 20
4%
West Bromwich Albion Scotland 2008 2017 James Morrison 29
4%
Queens Park Rangers Scotland 2011 2012 Jamie Mackie 9
4%
Charlton Athletic Jamaica 2001 2006 Jason Euell 34
4%
Wimbledon Jamaica 1995 2000 Jason Euell 21
4%
Aston Villa England 1996 2001 Julian Joachim 39
4%
Blackburn Rovers Scotland 1993 1999 Kevin Gallacher 46
4%
Sunderland England 2007 2011 Kieran Richardson 14
4%
Everton England 2004 2015 Leon Osman 44
4%
Brighton & Hove Albion England 2018 2024 Lewis Dunk 16
4%
Derby County England 2000 2002 Malcolm Christie 22
4%
Bournemouth England 2022 2026 Marcus Tavernier 16
4%
Sheffield Wednesday England 1992 1995 Mark Bright 48
4%
Leicester City Scotland 1997 2000 Matt Elliott 22
4%
Coventry City England 1995 2000 Noel Whelan 31
4%
Crystal Palace France 2021 2024 Odsonne Édouard 18
4%
Wimbledon Norway 1994 1997 Øyvind Leonhardsen 13
4%
Oldham Athletic Scotland 1992 1994 Paul Bernard 9
4%
Ipswich Town England 1993 1994 Paul Mason 6
4%
Wigan Athletic Austria 2006 2010 Paul Scharner 14
4%
Bradford City England 1999 2001 Robbie Blake 6
4%
Wimbledon Jamaica 1992 2000 Robbie Earle 45
4%
Leeds United England 1992 1998 Rod Wallace 42
4%
Bolton Wanderers Greece 2003 2008 Stelios Giannakopoulos 20
4%
Cardiff City Sierra Leone 2013 2014 Steven Caulker 5
4%
Middlesbrough England 2004 2016 Stewart Downing 18
4%
Blackburn Rovers England 1992 1998 Tim Sherwood 25
4%
Queens Park Rangers England 1993 1995 Trevor Sinclair 10
4%
West Ham United England 1998 2003 Trevor Sinclair 37
4%
Cardiff City Spain 2018 2019 Víctor Camarasa 5
4%
Swansea City England 2012 2017 Wayne Routledge 16
4%
Sheffield United England 1992 1994 Adrian Littlejohn 11
0%
Middlesbrough Croatia 2000 2002 Alen Bokšić 22
0%
Wigan Athletic Egypt 2008 2008 Amr Zaki 10
0%
Queens Park Rangers England 1992 1996 Andy Impey 11
0%
Swindon Town England 1993 1994 Andy Mutch 6
0%
Norwich City Ireland 2011 2013 Anthony Pilkington 14
0%
Bradford City Italy 2000 2001 Benito Carbone 5
0%
Sheffield Wednesday Italy 1996 1999 Benito Carbone 25
0%
Burnley England 2015 2022 Ben Mee 9
0%
Ipswich Town Bulgaria 1992 1994 Boncho Genchev 6
0%
Wimbledon Guyana 1997 2000 Carl Cort 16
0%
Ipswich Town England 1992 1995 Chris Kiwomya 18
0%
Charlton Athletic England 1998 1999 Clive Mendonca 8
0%
West Bromwich Albion England 2014 2018 Craig Dawson 12
0%
Hull City England 2008 2010 Craig Fagan 5
0%
Birmingham City England 2010 2011 Craig Gardner 9
0%
Hull City Senegal 2015 2015 Dame N'Doye 5
0%
Sheffield United England 1992 1994 Dane Whitehouse 10
0%
Bournemouth England 2015 2020 Dan Gosling 12
0%
Queens Park Rangers England 1994 1996 Danny Dichio 13
0%
Swansea City England 2011 2013 Danny Graham 15
0%
Oldham Athletic England 1993 1994 Darren Beckford 9
0%
Everton England 1994 2004 David Unsworth 33
0%
Derby County Jamaica 1997 2001 Deon Burton 22
0%
Norwich City Nigeria 1993 1994 Efan Ekoku 15
0%
Wimbledon Nigeria 1994 1999 Efan Ekoku 38
0%
Wigan Athletic Barbados 2008 2013 Emmerson Boyce 11
0%
Watford France 2016 2018 Étienne Capoue 9
0%
Ipswich Town Nigeria 2001 2002 Finidi George 6
0%
Derby County Italy 1997 1999 Francesco Baiano 16
0%
West Bromwich Albion Northern Ireland 2011 2017 Gareth McAuley 15
0%
Portsmouth England 2003 2007 Gary O'Neil 11
0%
Queens Park Rangers England 1992 1994 Gary Penrice 17
0%
Sheffield United Wales 1992 1994 Glyn Hodges 6
0%
Sheffield Wednesday England 1992 1997 Graham Hyde 11
0%
Sheffield Wednesday England 1994 1997 Guy Whittingham 22
0%
Middlesbrough Colombia 1998 2001 Hámilton Ricard 30
0%
Watford Iceland 2000 2000 Heiðar Helguson 6
0%
Ipswich Town England 1993 1995 Ian Marshall 13
0%
Oldham Athletic England 1992 1993 Ian Olney 13
0%
Nottingham Forest England 1993 1997 Ian Woan 17
0%
Hull City England 2013 2016 Jake Livermore 5
0%
Reading England 2006 2008 James Harper 9
0%
Birmingham City Scotland 2008 2010 James McFadden 9
0%
Ipswich Town England 1992 1993 Jason Dozzell 7
0%
Blackburn Rovers England 1992 1999 Jason Wilcox 27
0%
Burnley Ireland 2016 2019 Jeff Hendrick 9
0%
Reading Mali 2012 2013 Jimmy Kébé 5
0%
Coventry City Australia 1998 2000 John Aloisi 10
0%
Wimbledon England 1992 1994 John Fashanu 17
0%
Ipswich Town Scotland 1992 1995 John Wark 13
0%
Charlton Athletic Finland 2000 2005 Jonatan Johansson 27
0%
Cardiff City England 2013 2014 Jordon Mutch 7
0%
Bournemouth England 2015 2020 Junior Stanislas 20
0%
Queens Park Rangers England 1994 1996 Kevin Gallen 18
0%
Charlton Athletic Jamaica 2001 2004 Kevin Lisbie 14
0%
Huddersfield Town Belgium 2017 2018 Laurent Depoitre 6
0%
Bradford City England 1999 2000 Lee Mills 5
0%
Reading England 2006 2008 Leroy Lita 8
0%
Blackpool England 2010 2010 Luke Varney 5
0%
Wimbledon Jamaica 1994 2000 Marcus Gayle 34
0%
Sheffield Wednesday Wales 1995 1998 Mark Pembridge 12
0%
Blackpool England 2010 2010 Marlon Harewood 5
0%
Ipswich Town Netherlands 2001 2002 Martijn Reuser 7
0%
Stoke City England 2009 2012 Matthew Etherington 13
0%
Bolton Wanderers England 2008 2011 Matthew Taylor 23
0%
Portsmouth England 2005 2007 Matthew Taylor 16
0%
Charlton Athletic Ireland 2003 2007 Matt Holland 11
0%
Ipswich Town Ireland 2000 2002 Matt Holland 6
0%
Wolverhampton Wanderers England 2010 2012 Matt Jarvis 15
0%
Bolton Wanderers England 2001 2002 Michael Ricketts 19
0%
Coventry City Morocco 1999 2001 Mustapha Hadji 12
0%
Leicester City Turkey 1996 2004 Muzzy Izzet 33
0%
Wimbledon England 1992 2000 Neal Ardley 12
0%
Barnsley England 1997 1998 Neil Redfearn 10
0%
Swindon Town Wales 1993 1994 Paul Bodin 7
0%
Everton England 1992 1995 Paul Rideout 29
0%
Reading Russia 2012 2013 Pavel Pogrebnyak 5
0%
Bradford City England 1999 2000 Peter Beagrie 8
0%
Coventry City Zimbabwe 1992 1997 Peter Ndlovu 35
0%
Stoke City Jamaica 2008 2011 Ricardo Fuller 18
0%
Oldham Athletic England 1992 1994 Richard Jobson 7
0%
Oldham Athletic England 1993 1994 Rick Holden 6
0%
West Bromwich Albion Wales 2004 2005 Robert Earnshaw 12
0%
Sheffield United England 2006 2007 Rob Hulse 8
0%
Norwich City Montserrat 1992 1994 Ruel Fox 11
0%
Charlton Athletic South Africa 2000 2005 Shaun Bartlett 24
0%
Queens Park Rangers England 1992 1996 Simon Barker 15
0%
Fulham France 2001 2006 Steed Malbranque 32
0%
Norwich City Wales 2011 2012 Steve Morison 10
0%
Middlesbrough Slovakia 2001 2005 Szilárd Németh 23
0%
Charlton Athletic Morocco 2004 2007 Talal El Karkouri 8
0%
Norwich City Ireland 2011 2016 Wes Hoolahan 12
0%
Bolton Wanderers France 2002 2004 Youri Djorkaeff 20
0%
No matching quizzes found
Score Distribution
Percent of People with Each Score
Percentile by Number Answered
Your Score History
You have not taken this quiz